Novinky v zdaňovaní podnikateľov v roku 2008 (viac byrokracie)

Zmeny v zákone o dani z príjmov a v zákone o DPH. Najviac vrások na čele pridá podnikateľom novelizácia zákona o miestnych daniach a miestnom poplatku, ktorá mení fungovanie zdaňovania motorových vozidiel.

Na minha lista:
Detalhes bibliográficos
Autor principal: Solík, Ján
Outros Autores: Lukačovičová, Jaroslava
Formato: Capítulo de Livro
Idioma:eslovaco
Assuntos:
Tags: Adicionar Tag
Sem tags, seja o primeiro a adicionar uma tag!

MARC

LEADER 00000naa$a2200000$$$4500
001 0072418
005 20240502071846.4
041 0 |a slo 
044 |a SK 
245 1 0 |a Novinky v zdaňovaní podnikateľov v roku 2008  |b (viac byrokracie)  |c Ján Solík, Jaroslava Lukačovičová 
520 |a Zmeny v zákone o dani z príjmov a v zákone o DPH. Najviac vrások na čele pridá podnikateľom novelizácia zákona o miestnych daniach a miestnom poplatku, ktorá mení fungovanie zdaňovania motorových vozidiel. 
610 2 0 |a dane z príjmov 
610 2 0 |a dane z hodnoty pridanej 
610 2 0 |a dane z vozidiel motorových 
610 2 0 |a zákony 
610 2 0 |a novelizácia 
610 2 0 |a Slovensko 
100 1 |a Solík, Ján 
700 1 |a Lukačovičová, Jaroslava